Chemistry: (Record no. 11836)

000 -LEADER
fixed length control field 00487nam a22001457a 4500
008 - FIXED-LENGTH DATA ELEMENTS--GENERAL INFORMATION
fixed length control field 160712b xxu||||| |||| 00| 0 eng d
020 ## - INTERNATIONAL STANDARD BOOK NUMBER
International Standard Book Number 9780073016535
050 ## - LIBRARY OF CONGRESS CALL NUMBER
Classification number QD 33.2 .S55 2003
100 ## - MAIN ENTRY--PERSONAL NAME
Personal name Silberberg, Martin S.
245 ## - TITLE STATEMENT
Title Chemistry:
Remainder of title The Molecular Nature of Matter and Change/
Statement of responsibility, etc. Martin S.Silberberg.
250 ## - EDITION STATEMENT
Edition statement 3rd ed.
260 ## - PUBLICATION, DISTRIBUTION, ETC. (IMPRINT)
Place of publication, distribution, etc. Boston;
Name of publisher, distributor, etc. Mc Graw-Hill,
Date of publication, distribution, etc. 2003.
300 ## - PHYSICAL DESCRIPTION
Extent xxxii,1165p.:
Other physical details ill.(some col.);
Dimensions 27cm.
500 ## - GENERAL NOTE
General note Includes index
650 ## - SUBJECT ADDED ENTRY--TOPICAL TERM
Topical term or geographic name as entry element chemistry
700 ## - ADDED ENTRY--PERSONAL NAME
Personal name Gold L.Peter.
700 ## - ADDED ENTRY--PERSONAL NAME
Personal name Norman Arlan D.
700 ## - ADDED ENTRY--PERSONAL NAME
Personal name Haas Charles G.
942 ## - ADDED ENTRY ELEMENTS (KOHA)
Source of classification or shelving scheme
Koha item type Hard Covered Materials
Holdings
Withdrawn status Lost status Source of classification or shelving scheme Damaged status Not for loan Home library Current library Shelving location Date acquired Source of acquisition Total Checkouts Full call number Barcode Date last seen Date last checked out Price effective from Koha item type
          MACHAKOS UNIVERSITY LIBRARY MACHAKOS UNIVERSITY LIBRARY Open shelf 12/07/2016 Donation(BFA) 3 QD 33.2 .S55 2003 22794 16/02/2021 02/02/2021 12/07/2016 Hard Covered Materials
          MACHAKOS UNIVERSITY LIBRARY MACHAKOS UNIVERSITY LIBRARY Open shelf 12/07/2016 Donation(BFA)   QD 33.2 .S55 2003 13759 11/10/2018   12/07/2016 Hard Covered Materials
          MACHAKOS UNIVERSITY LIBRARY MACHAKOS UNIVERSITY LIBRARY Open shelf 12/07/2016 Donation(BFA) 2 QD 33.2 .S55 2003 21444 04/03/2021 22/02/2021 12/07/2016 Hard Covered Materials
© Machakos University Library, Along The Highway, Machakos Wote Rd, Machakos, Kenya P.O. Box 136 - 90100 Machakos - Kenya

Tel: ( +254 ) 723 805829 OR Fax : 044-20353 OR Email: library@mksu.ac.ke